00422nam a2200193Ia 4500003000900000008004100009040001300050040001300063041000800076100001900084245002200103250000900125260002100134260000900155300001100164300001200175490003500187490000600222IT-RoPAU120407s9999 xx 000 0 und d aIT-RoPAU cIT-RoPAU aita aMario Canciani aCammino alla fede aBari aEdizioni Paoline c1971 a113 p. c19,5 cm aCultura religiosa per laici, 8 v1